Gaming Quiz

Random Gaming or Grab Bag Quiz
Score 0/73 Timer 16:00
0 Plays Today
% Correct
Samus
94.7%
Samus (Dark Suit)
94.7%
Samus (Fusion Suit)
94.7%
Samus (Gravity Suit)
94.7%
Samus (Power Suit)
94.7%
Samus (Varia Suit)
94.7%
Sonic the Hedgehog
90.7%
Shy Guy
88.7%
Shadow
88%
Squirtle
88%
Solid Snake
87.3%
Soccer Ball
86%
Smash Ball
84.7%
Snorlax
84.7%
Sandbag
82.7%
Sheik
80.7%
Super Mushroom
80.7%
Slippy Toad
79.3%
Super Sonic
78%
Sword Kirby
78%
Sleep Kirby
77.3%
Staryu
77.3%
Silver
76%
Striker Daisy
74.7%
Striker Mario
73.3%
Spring
72%
Star Rod
70%
Starfy
70%
Starly
70%
Suicune
68%
Super Scope
68%
Screw Attack
66.7%
Smoke Ball
66%
Skarmory
65.3%
Snorunt
65.3%
Starman
62.7%
Sword Primid
62.7%
% Correct
Smart Bomb
62%
Samurai Goroh
60.7%
Snover
59.3%
Superspicy Curry
59.3%
Sable & Mabel
58.7%
Stickers
58%
Smash Coins
57.3%
Sidesteppers
52.7%
Super Dragon
49.3%
Saki
48.7%
Subspace Bomb
48.7%
Scope Primid
48%
Sir Kibble
44.7%
Shellcreepers
44%
Sages
42.7%
Shadow Bugs
40.7%
Squitter
40.7%
The Skull
38%
Saharah
37.3%
Shadow Beast
36%
Sylux
34%
Salvatore
32.7%
Stock Ball
31.3%
Swooping Snitchbug
29.3%
Sothe
28.7%
Spaak
27.3%
Scarfies
26%
Sheegoth
23.3%
Shellpod
22.7%
Shellpod (No Armor)
22.7%
Space Pirate
20.7%
Subspace Gunship
20%
Shaydas
18.7%
Stapy
16%
Spire
12%
Shagohod
10.7%
Remove Ads.
Support Sporcle.
Get the best of Sporcle when you Go Orange. This ad-free experience offers more features, more stats, and more fun while also helping to support Sporcle. Thank you for becoming a member.

You're not logged in!

Compare scores with friends on all Sporcle quizzes.
OR
Log In

Show Comments

Extras

Top Quizzes Today


Score Distribution

Your Account Isn't Verified!

In order to create a playlist on Sporcle, you need to verify the email address you used during registration. Go to your Sporcle Settings to finish the process.

Report this User

Report this user for behavior that violates our Community Guidelines.

Details: